[Event "Wch U16"]
[Site "Mamaia"]
[Date "2022.09.12"]
[Round "7"]
[White "Levin, Guy"]
[Black "Nastore, Pavel Alexandru"]
[Result "1-0"]
[WhiteElo "2378"]
[BlackElo "2279"]
[PlyCount "101"]
[EventDate "2022.09.06"]
[EventType "swiss"]
[EventRounds "11"]
[EventCountry "ROU"]
[SourceTitle "CBM 210 Extra"]
[Source "ChessBase"]
[SourceDate "2022.11.30"]
[SourceVersion "1"]
[SourceVersionDate "2022.11.30"]
[SourceQuality "1"]

1. e4 e5 2. Nf3 Nc6 3. Bb5 a6 4. Bxc6 dxc6 5. 0-0 f6 6. d4 Bg4 7. dxe5 Qxd1 8. Rxd1 fxe5 9. Nbd2 0-0-0 10. Re1 Bd6 11. Nc4 Bxf3 12. gxf3 Re8 13. f4 Nf6 14. fxe5 Bxe5 15. Nxe5 Rxe5 16. f3 Rf8 17. Bd2 g5 18. Re3 Nh5 19. Rd3 Re6 20. Rd1 Rg8 21. Kf2 g4 22. Bg5 Nf6 23. Bxf6 Rxf6 24. Rg1 h5 25. h3 Rff8 26. Rg3 gxh3 27. Rxh3 Rg4 28. Ke3 Rgf4 29. Rd1 b6 30. Rf1 h4 31. Rg1 R4f7 32. Rg4 Rd7 33. Rgxh4 Rd1 34. Rh1 Rxh1 35. Rxh1 Rg8 36. Rd1 Rg2 37. Rd2 Rg1 38. e5 Rb1 39. b3 Ra1 40. Ke2 Rxa2 41. e6 Ra5 42. f4 Rd5 43. c4 Rxd2+ 44. Kxd2 a5 45. f5 b5 46. Kd3 b4 47. f6 Kd8 48. Ke4 Ke8 49. Kf5 a4 50. f7+ Ke7 51. Kg6 1-0

[Event "Wch U16"]
[Site "Mamaia"]
[Date "2022.09.08"]
[Round "3"]
[White "Nastore, Pavel Alexandru"]
[Black "Zlatkov, Anton"]
[Result "1-0"]
[WhiteElo "2279"]
[BlackElo "2165"]
[PlyCount "83"]
[EventDate "2022.09.06"]
[EventType "swiss"]
[EventRounds "11"]
[EventCountry "ROU"]
[SourceTitle "CBM 210 Extra"]
[Source "ChessBase"]
[SourceDate "2022.11.30"]
[SourceVersion "1"]
[SourceVersionDate "2022.11.30"]
[SourceQuality "1"]

1. e4 c5 2. Nf3 d6 3. d4 cxd4 4. Nxd4 Nf6 5. Nc3 Nc6 6. Bg5 e6 7. Qd2 a6 8. 0-0-0 Bd7 9. f4 b5 10. Bxf6 gxf6 11. Kb1 Qb6 12. Nxc6 Bxc6 13. f5 Qc5 14. Bd3 h5 15. h4 b4 16. Ne2 Bh6 17. Qe1 e5 18. Ng3 Bf4 19. Rh3 Ke7 20. Qe2 Rag8 21. Nxh5 Rxh5 22. Qxh5 Rxg2 23. Qf3 Rf2 24. Qg4 Ba4 25. b3 Bb5 26. Rf3 Rh2 27. Qg1 Rd2 28. Rc1 Qc6 29. h5 Bh6 30. Rg3 d5 31. Qa7+ Kf8 32. Qb8+ Ke7 33. Rg8 Qd6 34. Qxd6+ Kxd6 35. Bxb5 axb5 36. Rd8+ Kc6 37. Rh1 Rd4 38. exd5+ Rxd5 39. Rh8 Bf4 40. h6 e4 41. h7 e3 42. Re8 1-0

[Event "Miercurea Ciuc GP RO Stage 3"]
[Site "Miercurea Ciuc"]
[Date "2022.08.26"]
[Round "7"]
[White "Nastore, Pavel Alexandru"]
[Black "Juhasz, Agoston Botond"]
[Result "0-1"]
[WhiteElo "2283"]
[BlackElo "2372"]
[PlyCount "78"]
[EventDate "2022.08.20"]
[EventType "swiss"]
[EventRounds "9"]
[EventCountry "ROU"]
[SourceTitle "CBM 209 Extra"]
[Source "ChessBase"]
[SourceDate "2022.09.30"]
[SourceVersion "1"]
[SourceVersionDate "2022.09.30"]
[SourceQuality "1"]

1. e4 c6 2. d4 d5 3. Nc3 dxe4 4. Nxe4 Nf6 5. Nxf6+ exf6 6. Be3 Qb6 7. Qe2 Bd6 8. d5 Qc7 9. Bc5+ Kf8 10. Bxd6+ Qxd6 11. 0-0-0 cxd5 12. Qd2 Nc6 13. Bc4 Ne7 14. Bxd5 Nxd5 15. Qxd5 Qxd5 16. Rxd5 Be6 17. Rd2 Ke7 18. Ne2 Rad8 19. Nd4 f5 20. f4 h6 21. h4 Kf6 22. Rhd1 a6 23. b3 Bc8 24. Nf3 Rxd2 25. Rxd2 Be6 26. Kb2 Kg6 27. Nd4 Kh5 28. g3 Kg4 29. Rd3 Bd5 30. c4 Be4 31. Re3 f6 32. Ne6 g5 33. hxg5 fxg5 34. fxg5 hxg5 35. Nc5 Bf3 36. Re5 Rf8 37. Re1 Kxg3 38. Ne6 Rg8 39. Rg1+ Bg2 0-1